Nicaragua : 2012 Article IV Consultation.

This paper is an overview of Nicaragua's performance in the year 2011. The year 2012 is expected to face a recession and a moderation in the global oil prices. The tax revenue collections will be sturdy. The poverty scale will not face any oscillation. The rigid development in the business line...

Disgrifiad llawn

Manylion Llyfryddiaeth
Awdur Corfforaethol: International Monetary Fund
Fformat: Cylchgrawn
Iaith:English
Cyhoeddwyd: Washington, D.C. : International Monetary Fund, 2012.
Cyfres:IMF Staff Country Reports; Country Report ; No. 2012/256
Mynediad Ar-lein:Full text available on IMF
LEADER 01559cas a2200241 a 4500
001 AALejournalIMF022808
008 230101c9999 xx r poo 0 0eng d
020 |c 20.00 USD 
020 |z 9781475506624 
022 |a 1934-7685 
040 |a BD-DhAAL  |c BD-DhAAL 
110 2 |a International Monetary Fund. 
245 1 0 |a Nicaragua :   |b 2012 Article IV Consultation. 
264 1 |a Washington, D.C. :  |b International Monetary Fund,  |c 2012. 
300 |a 1 online resource (66 pages) 
490 1 |a IMF Staff Country Reports 
500 |a <strong>Off-Campus Access:</strong> No User ID or Password Required 
500 |a <strong>On-Campus Access:</strong> No User ID or Password Required 
506 |a Electronic access restricted to authorized BRAC University faculty, staff and students 
520 3 |a This paper is an overview of Nicaragua's performance in the year 2011. The year 2012 is expected to face a recession and a moderation in the global oil prices. The tax revenue collections will be sturdy. The poverty scale will not face any oscillation. The rigid development in the business line, sustaining the electricity sector financially, and low dependence of oil imports are the anticipated preventive measures to overcome these challenges. The Board has taken these ideas as the positive outcome of a strong rule. 
538 |a Mode of access: Internet 
830 0 |a IMF Staff Country Reports; Country Report ;  |v No. 2012/256 
856 4 0 |z Full text available on IMF  |u https://elibrary.imf.org/openurl?genre=journal&issn=1934-7685&volume=2012&issue=256  |z IMF e-Library